Čistota a rýchla návratnosť

Špecifiká finančných vzťahov v odvetví cestovného ruchu (CR). Aktívny zahraničný CR - tzv. neviditeľný export. Rýchla návratnosť investícií do rozvoja CR. Citlivosť CR na sadzby dane z príjmov. Vysoký podiel franchisingových operácií v odvetví CR. Bariéry národných zvyklostí a tradícií návštevníkov.

Na minha lista:
Detalhes bibliográficos
Autor principal: Daniel, Peter
Formato: Capítulo de Livro
Idioma:eslovaco
Assuntos:
Tags: Adicionar Tag
Sem tags, seja o primeiro a adicionar uma tag!

MARC

LEADER 00000naa a2200000 4500
001 r019096
005 20221213095630.8
041 0 |a slo 
044 |a SK 
245 1 0 |a Čistota a rýchla návratnosť  |c Peter Daniel 
520 |a Špecifiká finančných vzťahov v odvetví cestovného ruchu (CR). Aktívny zahraničný CR - tzv. neviditeľný export. Rýchla návratnosť investícií do rozvoja CR. Citlivosť CR na sadzby dane z príjmov. Vysoký podiel franchisingových operácií v odvetví CR. Bariéry národných zvyklostí a tradícií návštevníkov. 
610 2 0 |a ruch cestovný aktívny 
610 2 0 |a ruch cestovný zahraničný 
610 2 0 |a financovanie 
610 2 0 |a franchising 
610 2 0 |a návratnosť investícií 
610 2 0 |a dane z príjmov 
100 1 |a Daniel, Peter